000
00295nam a2200121Ia 4500
008
190722s9999 xx 000 0 und d
020
_a
978-0-307-34670-4
100
_a
Bill Kovach
245
4
_a
The Elements of Journalism
260
_a
America
_b
Maria Elias
_c
2007
300
_a
268
942
_c
BK
999
_c
865
_d
865